000 00410cam a2200157ua 4500
003 OSt
008 250101b |||||||| |||| 00| 0 eng d
041 _aeng
082 _a621.37
_bBHA/EL
100 _aBhar, D .
_96692
245 _aElectrical measurement and measuring instruments /
250 _a2 /
260 _aNew Delhi :
_bOxford & IBH Publishing company ,
_c1985.
300 _a261 ; .
942 _cBK
999 _c9036
_d9036